000
00318nam a22001217a 4500
008
181105b xxu||||| |||| 00| 0 eng d
041
_a
eng
080
_a
616.073
100
_a
5
101
_a
RAD
245
_a
The Correlated Lecture Lbaoratory In Diagnnostic Radiological Physics
_c
Lmel.A.D
942
_2
udc
_c
BK
999
_c
51885
_d
51885